000 00895nam a2200229Ii 4500
003 JO-AjNU
008 230605s9999||||xx |||||||||||||| ||und||
017 _a2003/5/976
020 _a9957-32-028-9
040 _aJO-AjNU
_bara
_erda
_cJO-AjNU
041 _aara
050 1 4 _aBP136 2003
100 3 _aجمعية الحديث الشريف وإحياء التراث(حديث),
_eauthor
_921110
245 0 0 _aتلخيص الأبحاث المنشورة في المجلات العلمية المحكمة في الجامعات الأردنية حتى 1420 هجري- 2000 م( الحديث وعلومه)
250 _aط1
264 3 1 _aعمان: دار الحامد، 2003
300 _a210ص
336 _atext
_btxt
_2rdacontent
337 _aunmediated
_bn
_2rdamedia
338 _avolume
_bnc
_2rdacarrier
650 4 _aالاسلام - الحديث النبوي الشريف - علوم
_921111
999 _aA7279
_c10847
_d10847